Normal view
MARC view
Entry Personal Name
001 - CONTROL NUMBER
- control field: 1076078
003 - CONTROL NUMBER IDENTIFIER
- control field: OSt
005 - DATE AND TIME OF LATEST TRANSACTION
- control field: 20260121171426.0
008 - FIXED-LENGTH DATA ELEMENTS
- fixed length control field: 260121|| aca||aabn | a|a d
040 ## - CATALOGING SOURCE
- Original cataloging agency: OSt
- Transcribing agency: OSt
100 ## - HEADING--PERSONAL NAME
- Personal name: Pradeep Kumar Singh, Bijaya Ketan Panigrahi, Nagender Kumar Suryadevara, Sudhir Kumar Sharma, Amit Prakash Singh
670 ## - SOURCE DATA FOUND
- Source citation: Work cat.: (OSt)1641808: Pradeep Kumar Singh, Bijaya Ketan Panigrahi, Nagender Kumar Suryadevara, Sudhir Kumar Sharma, Amit Prakash Singh, Proceedings of ICETIT 2019
